000 00508nam a2200181Ia 4500
005 20250508163517.0
008 008 250505s9999 xx 000 0 eng d
037 _aBooks to be hide in OPAC
040 _aFEDL
_beng
_cFEDL
041 _aeng
_2eng
084 _a370.956 94, TEL/O
_qFEDL
245 0 _aBibliography of Jewish textbooks (1488-1918)
245 0 _cTel Aviv University
260 _c1995
300 _a144p.
942 _cHB
_h370.956 94, TEL/O
999 _c1383800
_d1383800